Business cycles in Yugoslavia. (Record no. 13397)
[ view plain ]
| 000 -LEADER | |
|---|---|
| fixed length control field | 00362nam a22001337a 4500 |
| 082 ## - DEWEY DECIMAL CLASSIFICATION NUMBER | |
| Classification number | 338.5409497HOR. |
| 100 ## - MAIN ENTRY--PERSONAL NAME | |
| Personal name | Horvat, Branko. |
| 245 ## - TITLE STATEMENT | |
| Title | Business cycles in Yugoslavia. |
| 260 ## - PUBLICATION, DISTRIBUTION, ETC. | |
| Place of publication, distribution, etc. | New York. |
| Name of publisher, distributor, etc. | Privredni ciklusi u jugoslaviji. |
| Date of publication, distribution, etc. | 1971. |
| 300 ## - PHYSICAL DESCRIPTION | |
| Extent | x, 259p. |
| Other physical details | ill.; 22cm. |
| 500 ## - GENERAL NOTE | |
| General note | Includes appendix and graphs. |
| 650 ## - SUBJECT ADDED ENTRY--TOPICAL TERM | |
| Topical term or geographic name entry element | Business. |
| 942 ## - ADDED ENTRY ELEMENTS (KOHA) | |
| Koha item type | Books |
| Withdrawn status | Lost status | Source of classification or shelving scheme | Damaged status | Not for loan | Home library | Current library | Shelving location | Date acquired | Full call number | Barcode | Date last seen | Price effective from | Koha item type |
|---|---|---|---|---|---|---|---|---|---|---|---|---|---|
| Dewey Decimal Classification | IFM Main Campus Library | IFM Main Campus Library | 11/03/2015 | 338.5409497HOR. | 0000006115 | 11/03/2015 | 11/03/2015 | Books |
